| 000 | 00945cab a2200253 4500 | ||
|---|---|---|---|
| 001 | WB2808-35 | ||
| 008 | 090401t1992 xxu||||| |||| 00| 0 eng d | ||
| 035 | _a(Sirsi) u39478 | ||
| 041 | _aeng | ||
| 245 | _aWestminster agrees board concessions | ||
| 260 | _c1992 | ||
| 350 | _a0 | ||
| 490 |
_aEstates Times _v(1130) 14 February 1992, 7(1) |
||
| 520 | _aWestminister CC has given agents until 21 March 1992 to remove illegal letting boards in London W1 postal district following a decision to allow only small black and white boards on unlisted buildings. Gives details of Westminister CC`s Code of Practice. The display of boards on listed buildings is still forbidden. | ||
| 650 | _aADVERTISING | ||
| 650 | _aCODE OF PRACTICE | ||
| 650 | _aLETTING BOARDS | ||
| 650 | _aLISTED BUILDINGS | ||
| 650 | _aUNLISTED BUILDINGS | ||
| 650 | _aWESTMINSTER CC | ||
| 690 | _aPLANNING LAW AND PRACTICE | ||
| 942 | _n0 | ||
| 948 | _c04/03/1997 | ||
| 999 |
_c25342 _d25342 |
||